LEGAL ENVIRONMNT OF BUSINESSAND ONLINE COMMERCE (Record no. 14381)

MARC details
000 -LEADER
fixed length control field 00411nam a22001577a 4500
003 - CONTROL NUMBER IDENTIFIER
control field OSt
005 - DATE AND TIME OF LATEST TRANSACTION
control field 20211022111024.0
008 - FIXED-LENGTH DATA ELEMENTS--GENERAL INFORMATION
fixed length control field 211022b |||||||| |||| 00| 0 eng d
020 ## - INTERNATIONAL STANDARD BOOK NUMBER
International Standard Book Number 0131991094
040 ## - CATALOGING SOURCE
Original cataloging agency HU
Transcribing agency DDC
082 ## - DEWEY DECIMAL CLASSIFICATION NUMBER
Edition number FIFTH EDITION
Classification number 346.7307
245 ## - TITLE STATEMENT
Title LEGAL ENVIRONMNT OF BUSINESSAND ONLINE COMMERCE
260 ## - PUBLICATION, DISTRIBUTION, ETC.
Place of publication, distribution, etc. NEW JERSEY
Name of publisher, distributor, etc. PEARSON
Date of publication, distribution, etc. 2007
300 ## - PHYSICAL DESCRIPTION
Extent XVI,680P,32CM
942 ## - ADDED ENTRY ELEMENTS (KOHA)
Source of classification or shelving scheme Dewey Decimal Classification
Koha item type Books like text book referance book
Suppress in OPAC No
Holdings
Withdrawn status Lost status Source of classification or shelving scheme Damaged status Not for loan Home library Current library Shelving location Date acquired Total Checkouts Full call number Barcode Date last seen Copy number Price effective from Koha item type
    Dewey Decimal Classification     Natural & Computational Science Library Law & Governance lLbrary General Stacks 10/22/2021   346.7307/CHE LGCLIB0001506 10/22/2021 C1 10/22/2021 Books like text book referance book